| 000 | 00324 a2200121 4500 | ||
|---|---|---|---|
| 005 | 20250614125507.0 | ||
| 020 | _a978-0-07-351166-5 | ||
| 100 | _aFERRELL, O.C | ||
| 245 | _aBusiness: A Changing World | ||
| 260 |
_aNew York _bMcGraw-Hill _c2008 |
||
| 300 |
_axxxiv, 586p.: ill; pictures, tables _bIndex _c26 cm |
||
| 942 |
_2ddc _cBKS |
||
| 999 |
_c4082 _d4082 |
||